Present-Day Monarchs of Europe by Picture - Statistics

General Stats
  • This quiz has been taken 192 times
  • The average score is 11 of 12
Answer Stats
Picture Hint Answer % Correct
Elizabeth II United Kingdom
99%
Franciscus Vatican City
99%
Carl XVI Gustaf Sweden
97%
Felipe VI Spain
96%
Margrethe II Denmark
93%
Harald V Norway
93%
Willem-Alexander Netherlands
91%
Albert II Monaco
90%
Joan-Enric Andorra
85%
Philippe Belgium
84%
Hans-Adam II Liechtenstein
83%
Henri Luxembourg
83%
No matching quizzes found
Score Distribution
Percent of People with Each Score
Percentile by Number Answered
Your Score History
You have not taken this quiz